200 największych miast w Polsce! - Statystyki

Ogólne statystyki
  • Ten quiz został rozwiązany 653 razy
  • Średni wynik to 101 z 200
Statystyki odpowiedzi
Numer Województwo Miasto Ludność % Poprawnych
1 mazowieckie Warszawa 1 794 166
97%
2 małopolskie Kraków 779 966
94%
3 łódzkie Łódź 672 185
94%
6 pomorskie Gdańsk 470 805
92%
5 wielkopolskie Poznań 532 048
92%
7 zachodniopomorskie Szczecin 398 225
92%
4 dolnośląskie Wrocław 641 928
92%
12 pomorskie Gdynia 244 969
90%
9 lubelskie Lublin 338 586
90%
8 kujawsko-pomorskie Bydgoszcz 344 091
89%
11 śląskie Katowice 290 553
89%
10 podlaskie Białystok 296 958
88%
18 świętokrzyskie Kielce 193 415
85%
14 mazowieckie Radom 209 296
85%
15 kujawsko-pomorskie Toruń 198 613
85%
17 podkarpackie Rzeszów 196 638
84%
20 warmińsko-mazurskie Olsztyn 171 249
83%
27 opolskie Opole 127 839
83%
13 śląskie Częstochowa 217 530
82%
24 lubuskie Zielona Góra 140 892
81%
19 śląskie Gliwice 177 049
79%
29 lubuskie Gorzów Wielkopolski 122 589
79%
16 śląskie Sosnowiec 197 586
78%
21 śląskie Zabrze 170 924
78%
30 warmińsko-mazurskie Elbląg 118 582
77%
35 małopolskie Tarnów 107 498
77%
36 śląskie Chorzów 106 846
76%
37 zachodniopomorskie Koszalin 106 235
76%
32 mazowieckie Płock 118 268
76%
22 śląskie Bielsko-Biała 169 756
75%
38 wielkopolskie Kalisz 99 106
74%
39 dolnośląskie Legnica 98 436
74%
23 śląskie Bytom 163 255
73%
129 pomorskie Sopot 35 286
73%
34 kujawsko-pomorskie Włocławek 108 561
73%
51 dolnośląskie Lubin 71 710
72%
28 śląskie Tychy 126 871
72%
54 podlaskie Suwałki 69 639
71%
52 kujawsko-pomorskie Inowrocław 71 674
70%
48 wielkopolskie Konin 72 539
70%
44 małopolskie Nowy Sącz 83 558
70%
66 warmińsko-mazurskie Ełk 61 903
69%
45 dolnośląskie Jelenia Góra 78 335
69%
25 śląskie Rybnik 137 128
69%
33 dolnośląskie Wałbrzych 109 971
69%
31 śląskie Dąbrowa Górnicza 118 285
68%
95 zachodniopomorskie Kołobrzeg 46 198
68%
40 kujawsko-pomorskie Grudziądz 93 564
67%
50 łódzkie Piotrków Trybunalski 72 250
67%
26 śląskie Ruda Śląska 136 423
66%
49 wielkopolskie Piła 72 527
65%
42 pomorskie Słupsk 89 780
65%
63 lubelskie Zamość 62 785
65%
69 lubelskie Chełm 61 135
64%
56 wielkopolskie Gniezno 67 570
63%
64 mazowieckie Pruszków 62 623
63%
61 wielkopolskie Leszno 62 854
62%
72 podkarpackie Przemyśl 59 779
62%
65 podlaskie Łomża 62 573
61%
70 podkarpackie Mielec 60 075
61%
46 mazowieckie Siedlce 77 813
61%
94 podkarpackie Tarnobrzeg 46 360
61%
76 łódzkie Bełchatów 56 419
60%
192 dolnośląskie Jawor 22 462
60%
107 zachodniopomorskie Świnoujście 40 948
60%
75 lubelskie Biała Podlaska 56 942
59%
96 podkarpackie Krosno 45 944
59%
55 zachodniopomorskie Stargard 67 579
59%
165 małopolskie Zakopane 26 846
59%
41 śląskie Jaworzno 90 368
58%
83 mazowieckie Ostrołęka 51 656
58%
53 wielkopolskie Ostrów Wielkopolski 71 560
58%
59 dolnośląskie Głogów 66 120
57%
71 opolskie Kędzierzyn-Koźle 60 021
57%
73 podkarpackie Stalowa Wola 59 623
57%
47 śląskie Mysłowice 74 559
56%
57 świętokrzyskie Ostrowiec Świętokrzyski 67 404
56%
89 łódzkie Skierniewice 47 655
56%
79 łódzkie Zgierz 55 673
56%
60 łódzkie Pabianice 63 945
55%
62 śląskie Żory 62 844
55%
82 mazowieckie Legionowo 53 529
54%
117 pomorskie Malbork 38 101
53%
88 mazowieckie Piaseczno 48 670
53%
74 pomorskie Tczew 59 430
53%
68 łódzkie Tomaszów Mazowiecki 61 338
53%
86 pomorskie Wejherowo 49 099
53%
43 śląskie Jastrzębie-Zdrój 88 038
52%
67 śląskie Tarnowskie Góry 61 756
52%
93 lubelskie Puławy 46 965
51%
97 łódzkie Radomsko 45 353
51%
58 śląskie Siemianowice Śląskie 66 270
51%
85 śląskie Świętochłowice 49 108
51%
78 śląskie Będzin 56 008
50%
98 podkarpackie Dębica 45 189
50%
136 małopolskie Nowy Targ 33 257
50%
99 mazowieckie Otwock 44 317
50%
77 dolnośląskie Świdnica 56 222
50%
103 łódzkie Kutno 43 332
49%
102 opolskie Nysa 43 356
49%
80 śląskie Piekary Śląskie 54 702
49%
92 pomorskie Starogard Gdański 47 272
49%
84 pomorskie Rumia 49 536
48%
187 świętokrzyskie Sandomierz 22 997
48%
90 świętokrzyskie Starachowice 47 638
48%
87 śląskie Zawiercie 48 703
47%
110 pomorskie Chojnice 39 647
46%
101 mazowieckie Ciechanów 43 883
46%
137 warmińsko-mazurskie Iława 33 206
46%
104 łódzkie Sieradz 41 390
46%
100 świętokrzyskie Skarżysko-Kamienna 44 260
46%
91 śląskie Wodzisław Śląski 47 576
46%
150 podlaskie Augustów 29 946
45%
122 podkarpackie Sanok 36 999
45%
109 zachodniopomorskie Szczecinek 39 827
45%
134 śląskie Cieszyn 33 981
44%
119 małopolskie Oświęcim 37 569
44%
81 śląskie Racibórz 54 259
44%
108 mazowieckie Mińsk Mazowiecki 40 916
43%
141 mazowieckie Grodzisk Mazowiecki 32 452
42%
142 zachodniopomorskie Police 32 243
42%
124 mazowieckie Wołomin 36 848
42%
121 lubuskie Żary 37 052
42%
130 opolskie Brzeg 35 226
41%
120 podkarpackie Jarosław 37 073
41%
133 podkarpackie Jasło 34 542
41%
169 dolnośląskie Kłodzko 26 421
41%
111 mazowieckie Żyrardów 39 550
41%
161 łódzkie Łowicz 27 896
40%
149 śląskie Żywiec 30 733
40%
114 dolnośląskie Bolesławiec 38 486
39%
131 pomorskie Lębork 35 101
38%
146 mazowieckie Mława 31 129
38%
160 mazowieckie Nowy Dwór Mazowiecki 28 691
38%
138 dolnośląskie Oława 33 087
38%
112 lubelskie Świdnik 38 763
38%
152 dolnośląskie Zgorzelec 29 810
38%
106 śląskie Mikołów 41 003
37%
116 lubuskie Nowa Sól 38 191
37%
132 małopolskie Olkusz 34 757
37%
140 warmińsko-mazurskie Ostróda 32 714
37%
113 mazowieckie Ząbki 38 546
37%
125 mazowieckie Marki 36 816
36%
127 mazowieckie Sochaczew 35 891
36%
180 małopolskie Wieliczka 24 215
36%
157 warmińsko-mazurskie Giżycko 28 964
35%
105 łódzkie Zduńska Wola 41 288
35%
153 małopolskie Bochnia 29 554
34%
186 opolskie Kluczbork 23 254
34%
123 dolnośląskie Oleśnica 36 979
34%
126 małopolskie Chrzanów 36 118
33%
115 pomorskie Kwidzyn 38 329
33%
145 śląskie Myszków 31 261
33%
167 pomorskie Reda 26 707
33%
178 zachodniopomorskie Wałcz 24 949
33%
199 łódzkie Wieluń 21 892
33%
128 śląskie Czechowice-Dziedzice 35 839
32%
135 lubelskie Kraśnik 33 917
32%
139 dolnośląskie Dzierżoniów 32 869
31%
148 wielkopolskie Września 31 000
31%
118 śląskie Knurów 37 801
30%
185 śląskie Lubliniec 23 551
30%
193 dolnośląskie Polkowice 22 435
30%
147 śląskie Czeladź 31 039
29%
144 pomorskie Pruszcz Gdański 31 578
29%
175 lubuskie Żagań 25 265
29%
200 łódzkie Aleksandrów Łódzki 21 754
28%
170 wielkopolskie Jarocin 26 225
28%
172 śląskie Pszczyna 25 702
28%
166 warmińsko-mazurskie Kętrzyn 26 788
27%
156 wielkopolskie Śrem 29 176
27%
168 wielkopolskie Turek 26 441
27%
163 mazowieckie Wyszków 26 980
27%
177 podlaskie Bielsk Podlaski 25 044
26%
171 lubelskie Biłgoraj 26 114
26%
143 wielkopolskie Luboń 32 015
26%
184 wielkopolskie Środa Wielkopolska 23 672
26%
181 zachodniopomorskie Białogard 23 950
24%
196 zachodniopomorskie Goleniów 21 979
24%
159 wielkopolskie Krotoszyn 28 701
24%
151 wielkopolskie Swarzędz 29 862
24%
158 kujawsko-pomorskie Brodnica 28 701
23%
182 pomorskie Kościerzyna 23 778
23%
197 mazowieckie Płońsk 21 924
23%
189 warmińsko-mazurskie Szczytno 22 813
23%
155 lubelskie Łuków 29 441
22%
194 mazowieckie Ostrów Mazowiecka 22 216
22%
198 podlaskie Zambrów 21 921
22%
188 warmińsko-mazurskie Bartoszyce 22 984
21%
164 małopolskie Gorlice 26 973
21%
183 wielkopolskie Kościan 23 716
21%
174 kujawsko-pomorskie Świecie 25 486
21%
173 wielkopolskie Wągrowiec 25 607
18%
191 mazowieckie Piastów 22 559
16%
154 dolnośląskie Bielawa 29 523
15%
179 małopolskie Skawina 24 366
14%
162 śląskie Czerwionka-Leszczyny 27 888
13%
176 mazowieckie Kobyłka 25 149
10%
190 dolnośląskie Świebodzice 22 642
10%
195 śląskie Łaziska Górne 22 130
9%
Nie znaleziono quizów pasujących do podanych kryteriów
Rozkład punktacji
Procent ludzi z każdym wynikiem
Percentyl według liczby udzielonych odpowiedzi
Twoja historia wyników
Nie rozwiązałeś tego quizu